| 000 | 00000nam##2200000za#4500 |
| 001 | 9.568222 |
| 003 | CaOODSP |
| 005 | 20210624181151 |
| 007 | cr ||||||||||| |
| 008 | 150406|2007||||xxc|||||o f|0| 0 eng|d |
| 022 | |a1481-8531 |
| 040 | |aCaOODSP|beng |
| 043 | |an-cn--- |
| 086 | 1 |aH12-21-3/33-2E-PDF |
| 110 | 2 |aPublic Health Agency of Canada. |
| 245 | 10|aPoint-of-care HIV testing using rapid HIV test kits : |h[electronic resource]|bguidance for health-care professionals |
| 260 | |aOttawa - Ontario : |bPublic Health Agency of Canada |cNovember 2007. |
| 300 | |a28p.|bfig., references, tables |
| 490 | 1 |aCanada communicable disease report. Supplement|x1481-8531|vVol. 33S2 |
| 590 | |a10-09-Supp|b2010-11-02 |
| 775 | 08|tDépistage du VIH dans les points de service à l'aide de trousses de dépistage rapide : |w(CaOODSP)9.599510 |
| 830 | #0|aCanada communicable disease report. Supplement,|x1481-8531|vVol. 33S2|w(CaOODSP)9.504870 |
| 856 | 40|ahttp://publications.gc.ca|qPDF|s326 KB|uhttps://publications.gc.ca/collections/collection_2010/aspc-phac/H12-21-3-33-2-eng.pdf|yVol. 33S2 |